000 00458nam a2200181Ia 4500
001 3087
005 20260306144855.0
008 260306t2008||||xx |||||||||||||| ||spa||
041 _aESP
082 _a249.8
_bR31
100 _aReali, Nicola
_eAUT
245 0 _aScegliere di essere scelti:
_briflessioni sul sacramento del matrimonio
260 _c2008
300 _a124 páginas :
_c24 cm.
650 _aGEN
654 _aCHU
942 _cLIB
_dJUS
_fJUS
_2ddc
_n
999 _c3087
_d3087